Générique Shimmer et Shine - Paroles - Statistiques

Statistiques générales
  • Ce quiz a été pris 4 fois
  • Le résultat moyen est 7 sur 16
Statistiques - réponses
Paroles % Correct
C'est Shimmer et {Shine}
75%
Shimmer et {Shine}
75%
C'est Shimmer et {Shine}
50%
C'est Shimmer et {Shine}
50%
De génie ou de {fée}
50%
Deux génies dans une {bouteille}
50%
Elles partent en tapis {volant}
50%
Font scintiller le {ciel}
50%
Génie ou {fée}
50%
Pour trois jolis {souhaits}
50%
Shimmer et {Shine}
50%
Au {pays} de Zahramay
25%
En tous points {pareil}
25%
Zoom {Zahramay} !
25%
De leur {palais}
0%
Léa les {attend}
0%
Aucun quiz correspondant
Distribution des résultats
% des personnes avec chaque résultat
Percentile par nombre de réponses
Votre historique - résultats
Vous n’avez pas pris ce quiz